HIV /
Guardado en:
| Autor Corporativo: | |
|---|---|
| Otros Autores: | |
| Formato: | |
| Series: | Mejor Hablar de Ciertas Cosas
|
| Materias: | |
| Etiquetas: |
Agregar Etiqueta
Sin Etiquetas, Sea el primero en etiquetar este registro!
|
| LEADER | 01130ngm a22003015g 4500 | ||
|---|---|---|---|
| 001 | CEM.cems022867 | ||
| 008 | 130507b2008##################0###0#####d | ||
| 005 | 20241125153908.0 | ||
| 245 | 1 | 0 | |a HIV / |c Canal Encuentro. |
| 300 | |a 56'. | ||
| 490 | 0 | |a Mejor Hablar de Ciertas Cosas | |
| 500 | |a En soporte VHS y DVD consultar en ventanilla. | ||
| 590 | |a Identificación anterior: DVD nº39. | ||
| 505 | 0 | |a El sida. Cifras de infectados en todo el mundo. Formas de contagio y prevención. Consecuencias sociales. Discriminación. Testimonios de enfermos y médicos. Tratamientos. Programas de prevención y ayuda. | |
| 538 | |a Soporte: VHS (Hitachi=2660) y DVD - Norma: Pal N - Color: Si - Grabación DRD 2008 | ||
| 110 | 2 | |a Canal Encuentro. | |
| 700 | 1 | |a Pauls, Gastón; Conducción. | |
| 082 | 3 | 6 | |/ PAU-1 |
| 082 | 6 | 1 | |/ ENC |
| 653 | |a SIDA | ||
| 653 | |a HIV | ||
| 653 | |a DISCRIMINACION | ||
| 653 | |a CONTAGIO | ||
| 653 | |a PREVENCION | ||
| 653 | |a MEJOR HABLAR DE CIERTAS COSAS | ||
| 653 | |a NIVEL PRIMARIO | ||
| 653 | |a NIVEL SECUNDARIO. | ||
| 859 | |a CEMS |b BIB. CEMS - Depto. Recursos Didacticos |h 360 |i PAU-1616 |k DRD |p 1510.12 |t Ej.1 | ||
